000 00673cas a22002175a 4500
001 L138381
008 070601d19791983xxkqr p 0 a0eng u
022 1 _a0142-520X
035 _a(Sirsi) u138381
041 0 _aeng
110 2 _aRoyal Institution of Chartered Surveyors
_94900
245 0 0 _aChartered Land Surveyor/Chartered Mineral Surveyor
260 _aLondon
_bRICS
_c1979-1983
362 0 _a1(1) Spring 1979-4(4) Summer 1983
362 0 _a3(1) Summer 1981-4(4) Summer 1983
554 _aFour per year
651 4 _aEngland and Wales
_y1543-
690 _aENVIRONMENTAL AND LAND CONSULTANCY
785 0 0 _tLand and Minerals Surveying
_x0265-4210
942 _n0
999 _c118982
_d118982